Billboard Hot 100 #1 Hits of 2004 - Statistics

General Stats
  • This quiz has been taken 8 times
  • The average score is 29 of 52
Answer Stats
Issue Date #1 Hit Artist % Correct
January 3 Hey Ya! OutKast
86%
January 10 Hey Ya! OutKast
86%
January 17 Hey Ya! OutKast
86%
January 24 Hey Ya! OutKast
86%
January 31 Hey Ya! OutKast
86%
February 7 Hey Ya! OutKast
86%
February 28 Yeah! Usher ft. Lil Jon and Ludacris
86%
March 6 Yeah! Usher ft. Lil Jon and Ludacris
86%
March 13 Yeah! Usher ft. Lil Jon and Ludacris
86%
March 20 Yeah! Usher ft. Lil Jon and Ludacris
86%
March 27 Yeah! Usher ft. Lil Jon and Ludacris
86%
April 3 Yeah! Usher ft. Lil Jon and Ludacris
86%
April 10 Yeah! Usher ft. Lil Jon and Ludacris
86%
April 17 Yeah! Usher ft. Lil Jon and Ludacris
86%
April 24 Yeah! Usher ft. Lil Jon and Ludacris
86%
May 1 Yeah! Usher ft. Lil Jon and Ludacris
86%
May 8 Yeah! Usher ft. Lil Jon and Ludacris
86%
May 15 Yeah! Usher ft. Lil Jon and Ludacris
86%
May 22 Burn Usher
57%
May 29 Burn Usher
57%
June 5 Burn Usher
57%
June 12 Burn Usher
57%
June 19 Burn Usher
57%
June 26 Burn Usher
57%
July 3 Burn Usher
57%
July 17 Burn Usher
57%
September 11 Goodies Ciara ft. Petey Pablo
43%
September 18 Goodies Ciara ft. Petey Pablo
43%
September 25 Goodies Ciara ft. Petey Pablo
43%
October 2 Goodies Ciara ft. Petey Pablo
43%
October 9 Goodies Ciara ft. Petey Pablo
43%
October 16 Goodies Ciara ft. Petey Pablo
43%
October 23 Goodies Ciara ft. Petey Pablo
43%
October 30 My Boo Usher ft. Alicia Keys
43%
November 6 My Boo Usher ft. Alicia Keys
43%
November 13 My Boo Usher ft. Alicia Keys
43%
November 20 My Boo Usher ft. Alicia Keys
43%
November 27 My Boo Usher ft. Alicia Keys
43%
December 4 My Boo Usher ft. Alicia Keys
43%
July 24 Confessions Part II Usher
29%
July 31 Confessions Part II Usher
29%
December 11 Drop It Like It's Hot Snoop Dogg ft. Pharrell
29%
December 18 Drop It Like It's Hot Snoop Dogg ft. Pharrell
29%
December 25 Drop It Like It's Hot Snoop Dogg ft. Pharrell
29%
August 21 Lean Back Terror Squad
29%
August 28 Lean Back Terror Squad
29%
September 4 Lean Back Terror Squad
29%
February 21 Slow Jamz Twista ft. Kanye West and Jamie Foxx
29%
August 7 Slow Motion Juvenile ft. Soulja Slim
29%
August 14 Slow Motion Juvenile ft. Soulja Slim
29%
February 14 The Way You Move OutKast ft. Sleepy Brown
29%
July 10 I Believe Fantasia
14%
No matching quizzes found
Score Distribution
Percent of People with Each Score
Percentile by Number Answered
Your Score History
You have not taken this quiz